[Event "TUR-ch U20"]
[Site "Canakkale"]
[Date "2016.06.28"]
[Round "2"]
[White "Kocer, Ahmet Doruk"]
[Black "Ayengin, Ahmet Cagri"]
[Result "1-0"]
[WhiteElo "1612"]
[BlackElo "1335"]
[PlyCount "70"]
[EventDate "2016.06.27"]
[EventType "swiss"]
[EventRounds "9"]
[EventCountry "TUR"]
[SourceTitle "CBM 173 Extra"]
[Source "ChessBase"]
[SourceDate "2016.08.29"]
[SourceVersion "1"]
[SourceVersionDate "2016.08.29"]
[SourceQuality "1"]

1. e4 e5 2. Nf3 Nc6 3. Bb5 d6 4. d4 exd4 5. Nxd4 Bd7 6. Nc3 Nf6 7. 0-0 Be7 8. f4 0-0 9. h3 Re8 10. Bxc6 Bxc6 11. Nxc6 bxc6 12. Qf3 c5 13. g4 Nd7 14. Be3 Rb8 15. Rab1 Bf6 16. g5 Bxc3 17. bxc3 Qe7 18. Rxb8 Rxb8 19. Re1 Rb2 20. Bc1 Rxa2 21. Qd3 Qe6 22. e5 g6 23. Bd2 c4 24. Qf3 Rxc2 25. exd6 Qxd6 26. Re8+ Nf8 27. Be1 a5 28. Qe4 Qc5+ 29. Kh1 Rc1 30. Kg2 c6 31. Bf2 Qd5 32. Qxd5 cxd5 33. Bc5 f5 34. Rxf8+ Kg7 35. Ra8 Rxc3 1-0